Top 400 highest grossing movies - Statistics

General Stats
  • This quiz has been taken 200 times
    191 since last reset
  • The average score is 94 of 456
Answer Stats
Hint Answer % Correct
1. (2009) 2,923,706,026 Avatar
85%
12. (2012) 1,515,100,211 The Avengers
78%
4. (1997) 2,223,048,786 Titanic
72%
114. (1977) 775,398,007 Star Wars
70%
98. (2002) 822,652,858 Spider-Man
69%
122. (2012) 758,576,824 The Amazing Spider-Man
69%
116. (2022) 770,860,380 The Batman
65%
310. (1989) 412,811,617 Batman
64%
365. (1995) 336,688,945 Batman Forever
64%
55. (2008) 1,010,086,005 The Dark Knight
63%
2. (2019) 2,748,242,781 Avengers Endgame
62%
192 (2008) 584,877,827 Iron Man
62%
11. (2019) 1,661,454,403 | 57 (1994) 988,389,726 The Lion King
60%
44. (1993) 1,058,454,230 Jurassic Park
59%
16. (2023) 1,444,459,229 Barbie
58%
344. (2011) 370,569,776 Captain America The First Avenger
58%
179. (2010) 621,156,389 Iron Man 2
57%
350. (1995) 365,270,951 Toy Story
57%
41. (2010) 1,068,879,522 Toy Story 3
56%
28. (2013) 1,214,630,956 Iron Man 3
55%
58. (2023) 975,984,593 Oppenheimer
55%
6. (2018) 2,048,359,754 Avengers Infinity War
54%
238 (1999) 511,358,276 Toy Story 2
54%
75. (2007) 895,937,268 Spider-Man 3
53%
288. (2011) 449,326,618 Thor
53%
24. (2013) 1,271,023,300 Frozen
52%
10. (2015) 1,671,063,641 Jurassic World
52%
105. (2004) 795,888,127 Spider-Man 2
52%
103. (1982) 797,307,407 E.T
51%
39. (2019) 1,071,177,215 Toy Story 4
51%
38. (2012) 1,082,228,107 The Dark Knight Rises
49%
113. (2016) 781,947,691 Deadpool
47%
261. (1975) 484,351,938 Jaws
47%
25. (2017) 1,260,691,100 Beauty & The Beast
46%
91. (2015) 50,309,035 Inside Out
46%
356. (2005) 356,770,593 Batman Begins
45%
249 (2001) 492,534,844 Shrek
45%
428. (1979) 188,934,787 Alien
44%
115 (2014) 770,882,395 Guardians Of The Galaxy
44%
43. (2019) 1,063,574,394 Joker
44%
345. (1981) 367,451,914 Raiders Of The Lost Ark
44%
278. (2006) 461,630,558 Cars
43%
15. (2019) 1,451,653,316 Frozen 2
43%
9. (2024) 1,698,831,782 Inside Out 2
43%
8. (2021) 1,921,206,586 Spider-Man No Way Home
43%
241. (1992) 504,050,219 | 47. (2019) 1,046,587,513 Aladdin
42%
17. (2015) 1,395,316,979 Avengers Age Of Ultron
42%
111. (2018) 786,262,370 Deadpool 2
42%
411. (2003) 245,031,679 Hulk
42%
83. (2017) 878,852,749 Spider-Man Homecoming
42%
403. (2008) 265,573,859 The Incredible Hulk
42%
388. (2000) 296,872,367 X-Men
42%
20. (2018) 1,334,157,082 Black Panther
41%
154. (2016) 676,343,174 Doctor Strange
41%
71. (2003) 936,094,852 Finding Nemo
41%
29. (2015) 1,157,271,759 Minions
41%
206. (2011) 560,155,383 Cars 2
40%
72. (2004) 933,848,612 Shrek 2
40%
355. (1986) 357,463,748 Top Gun
40%
233. (2015) 518,858,449 Ant-Man
39%
152. (1994) 679,835,137 Forrest Gump
39%
97. (2010) 826,873,382 Inception
39%
385. (1978) 300,200,000 Superman
39%
90. (2017) 850,482,778 Thor Ragnarök
39%
3. (2022) 2,320,250,281 Avatar The Way Of Water
38%
31. (2019) 1,132,298,674 Spider-Man Far From Home
38%
172. (2004) 631,441,092 The Incredibles
38%
337. (2017) 383,541,369 Cars 3
37%
218. (2010) 544,707,293 Despicable Me
37%
133. (2009) 731,463,377 Up
37%
285. (2000) 451,63,599 Gladiator
36%
169 (2014) 641,817,697 Interstellar
36%
149 (2016) 684,654,985 Moana
36%
59. (2013) 975,216,835 Despicable Me 2
35%
53. (2016) 1,025,006,125 Finding Dory
35%
84. (2002) 876,152,709 Harry Potter & The Chamber Of Secrets
35%
215. (1980) 549,001,086 The Empire Strikes Back
35%
200. (2023) 569626,289 The Little Mermaid
35%
340. (2021) 379,751,131 Black Widow
34%
212. (2012) 554,606,532 Brave
34%
30. (2016) 1,151,899,586 Captain America Civil War
34%
19. (2024) 1,338,071,348 Deadpool & Wolverine
34%
263 (1983) 482,365,284 Return Of The Jedi
34%
257. (1998) 485,035,085 Saving Private Ryan
34%
36. (2012) 1,110,526,981 Skyfall
34%
309. (2013) 416,456,852 The Wolverine
34%
142 (2007) 708,272,592 Transformers
34%
354. (2009) 359,347,833 Fast & Furious
33%
78 (2005) 886,112,502 Harry Potter & The Goblet Of Fire
33%
187. (2006) 594,420,216 Casino Royale
32%
301. (2021) 429,686,682 Dune
32%
144. (2017) 701,012,746 IT
32%
194 (2010) 582,440,151 Tangled
32%
141. (2014) 709,672,746 The Amazing Spider-Man 2
32%
74. (2002) 921,711,177 The Lord Of The Rings The Two Towers
32%
14. (2022) 1,454,001,110 Top Gun Maverick
32%
223. (2008) 532,508,025 Wall-E
32%
429. (1986) 183,291,893 Aliens
31%
334. (1985) 388,862,657 Back To The Future
31%
50. (2017) 1,032,809,657 Despicable Me 3
31%
112. (2004) 784,234,714 Harry Potter & The Prisoner Of Azkaban
31%
205. (2001) 560,483,719 Monsters Inc
31%
5. (2015) 2,056,046,835 Star Wars The Force Awakens
31%
236. (1991) 515,344,899 Terminator 2 Judgment Day
31%
275 (1999) 466,281,862 The Matrix
31%
22. (2011) 1,311,412,625 Harry Potter & The Deathly Hallows Part 2
30%
73. (2009) 92,492,031 Harry Potter & The Half Blood Prince
30%
69. (2007) 937,961,254 Harry Potter & The Order Of The Phoenix
30%
240. (2016) 505,476,208 La La Land
30%
424. (1994) 212,891,598 Pulp Fiction
30%
48 (1999) 1,046,513,456 Star Wars The Phantom Menace
30%
119. (2022) 760,928,081 Thor Love & Thunder
30%
99. (2017) 817,691,766 Wonder Woman
30%
52. (2016) 1,025,485,003 Zootopia
30%
177. (2018) 623,144,660 Ant-Man & The Wasp
29%
32. (2018) 1,131,849,702 Aquaman
29%
264. (1990) 476,678,938 Home Alone
29%
100. (1996) 817,400,878 Independence Day
29%
207. (200) 556,906,378 King Kong
29%
175. (2007) 626,549,695 Ratatouille
29%
419. (1976) 225,000,000 Rocky
29%
82. (2015) 879,077,344 Spectre
29%
92. (2005) 848,998,877 Star Wars Revenge Of The Sith
29%
153. (2012) 677,923,379 The Hunger Games
29%
33. (2019) 1,129,576,094 Captain Marvel
28%
220. (2015) 542,351,353 Cinderella
28%
104. (2017) 796,397,165 Coco
28%
234. (199) 517,599,988 Ghost
28%
226. (2014) 529,076,069 Godzilla
28%
67. (2010) 943,476,160 Harry Potter & The Deathly Hallows Part 1
28%
26.(2018) 1,242,805,359 Incredibles 2
28%
189. (1997) 587,790,539 Men In Black
28%
431. (1996) 173,046,640 Scream
28%
319. (2008) 402,278,564 Twilight
28%
287.(2012) 449,841,566 Django Unchained
27%
171. (2008) 632,203,486 Kung Fu Panda
27%
158 (2002) 656,695,615 Star Wars Attack Of The Clones
27%
66. (2016) 951,806,722 The Jungle Book
27%
239 (2017) 509,736,928 Dunkirk
26%
390. (1984) 295,582,480 Ghostbusters
26%
156 (2013) 667,999,518 Man Of Steel
26%
214. (2000) 549,588,516 Mission Impossible 2
26%
327. (2006) 399,387,745 Mission Impossible 3
26%
384(1985). 300,373,716 Rocky 4
26%
21. (2017) 1,322,581,071 Star Wars The Last Jedi
26%
128. (2016) 745,744,980 Suicide Squad
26%
130. (2024) 742,948,120 Wicked
26%
402. (1992) 266,970,061 Batman Returns
25%
138 (2014) 714,401,889 Captain America The Winter Soldier
25%
408. (2018) 255,416,089 Halloween
25%
61. (2001) 962,583,173 Harry Potter & The Sorcerers Stone
25%
246. (2010) 495,141,736 How To Train Your Dragon
25%
159. (2017) 655,945,209 Justice League
25%
208. (2005) 556,559,566 Madagascar
25%
292. (2002) 441,767,803 Men In Black 2
25%
162 (2012) 654,213,485 Men In Black 3
25%
45. (2024) 1,057,324,378 Moana 2
25%
129. (2013) 73,455,810 Monsters University
25%
286. (2001) 450,728,529 Oceans Eleven
25%
271. (2011) 470,986,200 Rise Of The Planet Of The Apes
25%
426. (1979) 200,182,160 Rocky 2
25%
399. (1982) 270,000,000 Rocky 3
25%
168 (2013) 644,602,516 Thor The Dark World
25%
88. (2022) 859,208,836 Black Panther Wakanda Forever
24%
60. (2024) 971,042,314 Despicable Me 4
24%
157 (2011) 664,837,547 Kung Fu Panda 2
24%
183. (2017) 614,202,315 Logan
24%
40. (2019) 1,069,951,814 Star Wars The Rise Of Skywalker
24%
335. (2002) 386,116,343 Ice Age
23%
232 (2016) 520,189,225 Kung Fu Panda 3
23%
339. (2015) 380,463,726 Mad Max Fury Road
23%
126. (2014) 747,862,775 X-Men Days Of Future Past
23%
87. (2017) 869,087,963 Guardians Of The Galaxy Vol 2
22%
93. (2023) 845,555,777 Guardians Of The Galaxy Vol 3
22%
56. (2022) 1,004,004,592 Jurassic World Dominion
22%
23. (2018) 1,308,232,302 Jurassic World Fallen Kingdom
22%
121. (2021) 758,929,771 No Time To Die
22%
432. (1997) 172,363,301 Scream 2
22%
436. (20000 161,838,076 Scream 3
22%
453. (2011) 95,989,590 Scream 4
22%
125. (2010) 756,244,673 Shrek Forever After
22%
13. (2015) 1,511,986,364 Furious 7
21%
182. (2014) 614,586,270 How To Train Your Dragon 2
21%
348. (2001) 356,900,000 Jurassic Park 3
21%
34. (2003) 1,123,837,908 Lord Of The Rings Return Of The King
21%
102. (2007) 807,330,936 Shrek The Third
21%
342. (2018) 374,561,597 Spider-Man Into The Spider-Verse
21%
333. (2013) 389,816,136 The Wolf Of Wall Street
21%
51. (2010) 1,025,491,110 Alice In Wonderland
20%
81. (2018) 879,088,897 Bohemian Rhapsody
20%
322. (2021) 401,731,759 Eternals
20%
452. (1987) 98,267,558 Predator
20%
211. (2011) 554,987,477 Puss In Boots
20%
347. (2020) 366,273,550 Tenet
20%
392. (1999) 290,701,374 The Green Mile
20%
276. (2009) 465,487,583 The Hangover
20%
88. (2013) 864,808,014 The Hunger Games Catching Fire
20%
437. (2018) 159,487,563 The Predator
20%
89. (2018) 856,081,053 Venom
20%
314. (203) 406,348,630 X2
20%
65. (2022) 952,224,986 Doctor Strange In The Multiverse Of Madness
19%
368. (200) 333,132,750 Fantastic Four
19%
272. (2021) 470,116,094 Godzilla Vs Kong
19%
369. (1984) 333,080,271 Indiana Jones & The Temple Of Doom
19%
216 (2024) 547,835,016 Kung Fu Panda 4
19%
151. (2023) 681,138,413 Spider-Man Across The Spider-Verse
19%
54. (2012) 1,014,938,545 The Hobbit An Unexpected Journey
19%
229. (2018) 527,267,828 The Meg
19%
397. (1991) 275,726,375 The Silence Of The Lambs
19%
357. (2011) 355,408,305 X-Men First Class
19%
265. (2023) 476,073,180 Ant-Man & The Wasp Quantumania
18%
166. (2014) 647,263,005 Big Hero 6
18%
270. (1989) 474,171,806 Indiana Jones & The Last Crusade
18%
64. (2013) 959,358,436 The Hobbit The Desolation Of Smaug
18%
118. (2014) 766,575,131 The Hunger Games Mockingjay Part 1
18%
167 (2015) 646,219,954 The Hunger Games Mockingjay Part 2
18%
132 (2003) 738,576,929 The Matrix Reloaded
18%
155 (1999) 672,806,292 The Sixth Sense
18%
124. (2009) 757,677,748 2012
16%
415. (2003) 236,410,607 2 Fast 2 Furious
16%
266. (2005) 475,825,484 Charlie & The Chocolate Factory
16%
108. (2013) 789,300,444 Fast & Furious 6
16%
279 (2024) 460,942,092 Gladiator 2
16%
148. (2013) 8684,657,731 Gravity
16%
62. (2017) 961,632,807 Jumanji Welcome To The Jungle
16%
188. (2008) 591,692,078 Quantum Of Solace
16%
46. (2016) 1,055,083,596 Rogue One a Star Wars Story
16%
372. (1995) 238,908,157 Seven
16%
244. (2009) 498,,438,212 Sherlock Holmes
16%
173. (2016) 631,064,182 Sing
16%
68. (2014) 940,323,039 The Hobbit The Battle Of The Five Armies
16%
79 (2016) 886,013,000 The Secret Life Of Pets
16%
245. (2012) 496,511,521 Wreck-It Ralph
16%
280. (2006) 459,260,946 X-Men The Last Stand
16%
417. (2003) 230,942,224 Elf
15%
101. (2016) 811,724,385 Fantastic Beasts & Where To Find Them
15%
42. (2006 1,066,179,725 Pirates Of The Caribbean Dead Mans Chest
15%
27. (2017) 1,235,534,014 The Fate Of The Furious
15%
163. (2015) 653,609,107 The Martian
15%
18. (2023) 1,359,146,628 The Super Mario Bros Movie
15%
35. (2011) 1,123,794,079 Transformers Dark Of The Moon
15%
219. (2016) 542,537,546 X-Men Apocalypse
15%
213. (1998) 554,600,000 Armageddon
14%
139. (2023) 714,375,114 Fast X
14%
454. (2009) 92,670,237 Friday The 13th
14%
330. (1978) 34,278,547 Grease
14%
76. (2001) 894,292,756 Lord Of The Rings Fellowship Of The Ring
14%
123. (2014) 758,536,735 Maleficent
14%
63 (2007) 960,996,492 Pirates Of The Caribbean At Worlds End
14%
435. (2023) 169,063,850 Scream 6
14%
290. (1999) 448,191,819 Tarzan
14%
303. (1973) 428,887,784 The Exorcist
14%
273. (2014) 468,155,841 The Lego Movie
14%
181. (1997) 618,638,999 The Lost World Jurassic Park
14%
37. (2014) 1,104,054,072 Transformers Age Of Extinction
14%
95. (2009) 836,519,699 Transformers Revenge Of The Fallen
14%
336. (2019) 383,70,072 1917
13%
191. (2007) 585,532,684 I Am Legend
13%
110. (2018) 786,626,183 Mission Impossible Fallout
13%
145. (2011) 94,713,230 Mission Impossible Ghost Protocol
13%
131. (2019) 742,718,496 Ne Zha
13%
195. (2006) 579,446,407 Night At The Museum
13%
316. (2021) 404,534,588 Sing 2
13%
394. (1994) 283,200,000 Speed
13%
304. (2017) 438,796,000 The Greatest Showman
13%
359. (1994) 351,814,301 The Mask
13%
222. (2015) 532,938,302 The Revenant
13%
243. (1996) 499,230,797 Twister
13%
323. (2025) 401,121,012 Captain America Brave New World
12%
137. (2024) 714,711,520 Dune Part Two
12%
80. (2012) 879,765,137 Ice Age Continental Drift
12%
77. (2009) 886,686,817 Ice Age Dawn Of The Dinosaurs
12%
109. (2008) 786,635,413 Indiana Jones & The Kingdom Of The Crystal Skull
12%
106 (2019) 795,356,912 Jumanji The Next Level
12%
70. (2022) 937,706,494 Minions The Rise Of Gru
12%
146. (2015) 688,858,992 Mission Impossible Rogue Nation
12%
331. (2018) 393,151,347 Solo a Star Wars Story
12%
209. (2012) 556,016,627 Ted
12%
197. (2013) 573,068,425 The Croods
12%
117. (2006) 767,820,459 The Da Vinci Code
12%
291. (2019) 446,449,908 The Secret Life Of Pets 2
12%
283. (2007) 454,161,935 300
11%
85. (2016) 872,395,091 Batman v Superman Dawn Of Justice
11%
135. (2021) 719,260,068 F9
11%
199. (2015) 570,794,950 Fifty Shades Of Grey
11%
409. (2017) 252,297,405 Get Out
11%
201. (2017) 568,652,812 Kong Skull Island
11%
7. (2025) 1,979,091,486 Ne Zha 2
11%
351. 2019) 363,563,907 Shazam
11%
332. (2006) 391,081,192 Superman Returns
11%
421. (2015) 217,214,143 Ted 2
11%
134. (2005) 720,539,572 The Chronicles Of Narnia
11%
352. (2018) 362,900,037 The Nun
11%
404. (1998) 264,118,201 The Truman Show
11%
407. (2019)255,620,999 Us
11%
224. (2013) 531,861,650 World War Z
11%
360. (2024) 350,865,342 Alien Romulus
10%
277. (2018) 464,731,819 Bumblebee
10%
176. (2008) 624,234,272 Hancock
10%
235. (2004) 516,567,575 Meet The Fockers
10%
225. (2018) 529,290,830 Ralph Breaks The Internet
10%
383. (2020) 302,452,077 Sonic The Hedgehog
10%
349. (2009) 365,491,792 Terminator Salvation
10%
227. (2017) 527,909,949 The Boss Baby
10%
190. (2011) 586,764,305 The Hangover Part 2
10%
306 (2003) 427,300,260 The Matrix Revolutions
10%
178. (2004) 622,313,635 The Passion Of The Christ
10%
230. (2007) 527,071,022 The Simpsons Movie
10%
262. 2004) 483,152,040 Troy
10%
242. (2021) 501,546,922 Venom Let There Be Carnage
10%
170. (2023) 633,576,416 Wonka
10%
364. (1977) 340,800,479 Close Encounters Of The Third Kind
9%
140. (2014) 710,644,566 Dawn Of The Planet Of The Apes
9%
259. (2023) 484,829,737 Elemental
9%
338. (2019) 383,299,914 Godzilla King Of The Monsters
9%
127. (2012) 746,921,271 Madagascar 3 Europe's Most Wanted
9%
255. (2005) 486,124,090 Mr & Mrs. Smith
9%
196 (2018) 579,055,653 Ready Player One
9%
299. (2021) 432,224,634 Shang-Chi & The Legend Of The Ten Rings
9%
300. (2015) 432,150,894 Terminator Genisys
9%
308. (1999) 422,538,025 | 312. (2017) 409,803,696 The Mummy
9%
143. (2010) 706,101,755 The Twilight Saga Eclipse
9%
147. (2009) 687,556,547 The Twilight Saga New Moon
9%
253. (2017) 489,592,267 War For The Planet Of The Apes
9%
184. (2005) 606,836,535 War Of The Worlds
9%
251. (2009) 490,875,846 Angels & Demons
8%
370. (1989) 331,971,868 Back To The Future Part 2
8%
412. (1990) 244,087,259 Back To The Future Part 3
8%
398 (2003) 27,371,982 Bad Boys 2
8%
174. (2011) 629,975,898 Fast Five
8%
341 (2012) 377,369,679 Hotel Transylvania
8%
231. (2019) 520,979,901 How To Train Your Dragon The Hidden World
8%
164. (2006) 651,899,282 Ice Age The Meltdown
8%
318. (2012) 402,448,265 Prometheus
8%
256. (2022) 485,254,377 Puss In Boots The Last Wish
8%
410. (2019) 250,367,666 Terminator Dark Fate
8%
210. (2004) 555,840,117 The Day After Tomorrow
8%
237 (2018) 514,330,681 The Grinch
8%
150 (2011) 683,212,735 The Twilight Saga Breaking Dawn Part 1
8%
96. (2012) 829,724,737 The Twilight Saga Breaking Dawn Part 2
8%
185. (2017) 602,893,340 Transformers The Last Knight
8%
343. (2024) 372,086,959 Twisters
8%
217. (2014) 547,626,372 American Sniper
7%
294.(2023) 439,381,226 Aquaman & The Lost Kingdom
7%
366 (2018) 334,876,670 a Quiet Place
7%
165 (2018) 648,455,339 Fantastic Beasts The Crimes Of Grindelwald
7%
447. (2000) 112,036,870 Final Destination
7%
94. (2021) 839,098,445 Hi Mom
7%
267. (2015) 474,800,000 Hotel Transylvania 2
7%
320. (2016) 402,156,682 Ice Age Collision Course
7%
363. (2004) 348,629,585 I Robot
7%
180. (2012) 619,310,368 Life Of Pi
7%
311. (2013) 411,054,397 Pacific Rim
7%
268. (2015) 474,590,832 San Andreas
7%
422.(2022) 217,038,821 Smile
7%
298. (2003) 433,058,296 Terminator 3 Rise Of The Machines
7%
353. (2013) 362,000,072 The Hangover 3
7%
400. (2023) 269,670,590 The Nun 2
7%
204. (2011) 563,749,323 The Smurfs
7%
269. (2024) 474,492,936 Venom The Last Dance
7%
414. (2017) 238,521,247 Alien Covenant
6%
362. (1998) 349,464,664 Deep Impact
6%
346. (2014) 367,028,980 Edge Of Tomorrow
6%
374. (2021) 323,078,841 Free Guy
6%
198. (2024) 572,305,338 Godzilla x Kong The New Empire
6%
274. (2019) 467,561,586 It Chapter Two
6%
329. (2024) 329,369,969 Kingdom Of The Planet Of The Apes
6%
418. (1989) 227,300,000 Lethal Weapon 2
6%
375. (1992) 319,700,000 Lethal Weapon 3
6%
393. (1998) 285,400,000 Lethal Weapon 4
6%
289. (2001) 449,239,853 Pearl Harbor
6%
443. (2010) 127,234,389 Predators
6%
305. (2018) 427,947,217 Rampage
6%
254. (201) 487,517,241 Rio
6%
413. (2014) 242,981,799 Robocop
6%
221. (2011) 535,663,443 Sherlock Holmes a Game Of Shadows
6%
313. (2002) 308,250,578 Signs
6%
439. (2024) 138,024,364 Smile 2
6%
317. (2022) 403,824,597 Sonic The Hedgehog 2
6%
250 (2024) 491,086,990 Sonic The Hedgehog 3
6%
258. (2014) 485,04,754 Teenage Mutant Ninja Turtles
6%
401. (2010) 268,268,174 The Expendables
6%
297. (2001) 435,040,395 The Mummy Returns
6%
295. (2023) 439,241,749 Transformers Rise Of The Beasts
6%
377. (1984) 216,300,000 Beverly Hills Cop
5%
260. (2003) 484,468,608 Bruce Almighty
5%
455. (2003) 90,396,664 Final Destination 2
5%
446. (2006) 112,798,051 Final Destination 3
5%
202. (2023) 565,857,048 Mission Impossible Dead Reckoning Part One
5%
136 (2024) 716,832,905 Mufasa The Lion King
5%
433. (2022) 172,039,087 Nope
5%
379. (2016) 31,196,332 The Conjuring 2
5%
425. (2021) 206,431,050 The Conjuring 3
5%
326. (2010) 399,866,199 Tron Legacy
5%
284. (2024) 451,900,435 Beetlejuice Beetlejuice
4%
396. (1987) 276,665,036 Beverly Hills Cop 2
4%
120. (2019) 760,732,926 Fast & Furious Presents Hobbs & Shaw
4%
438. (2011) 155,011,165 Final Destination 5
4%
361. (2001) 350,100,280 Hannibal
4%
434. (2017) 171,539,887 John Wick Chapter 2
4%
293. (2023) 440,320,578 John Wick Chapter 4
4%
193 (2008) 584,481,736 Mama Mia
4%
430. (2024) 180,935,655 Nosferatu
4%
395. (2017 278,754,594 Split
4%
427. (2014) 192,903,624 The Equalizer
4%
367. (2024) 333,684,113 The Wild Robot
4%
86. (2017) 870,325,439 Wolf Warrior 2
4%
378. (1997) 315,268,353 Air Force One
3%
307. (2020) 424,471,663 Bad Boys For Life
3%
325. (2024) 400,526,237 Bad Boys Ride Or Die
3%
445. (2003) 114,576,403 Freddy Vs Jason
3%
450. (2023) 105,094,084 Godzilla Minus One
3%
440. (2021) 130,851,162 Halloween Kills
3%
373. (2019) 326,685,379 John Wick Chapter 3
3%
281 (1996) 457,697,994 Mission Imposible
3%
391. (2018) 290,930,148 Pacific Rim Uprising
3%
444. (2023) 125,319,714 Saw X
3%
324. (2022) 400,689,914 Uncharted
3%
389. (2020) 296,650,356 A Quiet Place Part 2
2%
387. (2023) 297,144,130 Five Nights At Freddy's
2%
449. (2022) 105,400,796 Halloween Ends
2%
451. (2004) 99,823,958 Hellboy
2%
228. (2018) 527,361,714 Hotel Transylvania 3 Summer Vacation
2%
420. (1994) 223,641,412 Interview With The Vampire
2%
186. (2008) 599,680,774 Madagascar 2 Escape Africa
2%
302. (2019) 428,919,926 Pokemon Detective Pikachu
2%
248 (2014) 492,846,291 Rio 2
2%
358. (2016) 352,288,341 The Angry Birds Movie
2%
380. (2017) 210,082,280 The Lego Batman Movie
2%
160. (2019) 655,883,084 The Wandering Earth
2%
203. (2023) 563,990,180 The Wandering Earth 2
2%
442. (2024) 128,317,666 Transformers One
2%
386. (2004) 300,150,546 Van Helsing
2%
296. (2016) 438,899,824 Warcraft
2%
371.(2014) 330,780,051 300 Rise Of An Empire
1%
405. (2024) 261,067,171 a Quiet Place Day One
1%
247. (2010 493,214,888 Clash Of The Titans
1%
441. (2025) 129,864,114 Dog Man
1%
315. (2015) 404,561,724 Kingsman The Secret Service
1%
282. (2014) 457,507,776 Lucy
1%
328. (2023) 397,833,033 Meg 2 The Trench
1%
448. (2025) 110,750,532 Mickey 17
1%
252. (2013) 490,359,051 Oz The Great & Powerful
1%
49. (2011) 1,045,713,802 Pirates Of The Caribbean On Stanger Tides
1%
382. (2012) 305,270,083 Wrath Of The Titans
1%
321. (2019) 401,900,040 Alita Battle Angel
0%
406. (2014) 256,857,527 Anabelle
0%
416. (2019) 231,252,591 Anabelle Comes Home
0%
381 (2017) 305,384,865 Anabelle Creation
0%
423. (1992) 215,862,666 Bram Stokers Dracula
0%
161. (2003) 654,310,819 Pirates Of he Caribbean The Curse Of The Black Pearl
0%
107. (2017) 794,861,794 Pirates Of The Caribbean Dead Man Tell No Tales
0%
376. (2013) 316,479,150 The Conjuing
0%
No matching quizzes found
Score Distribution
Percent of People with Each Score
Percentile by Number Answered
Your Score History
You have not taken this quiz since the last reset